000 01468nam a2200373 i 4500
001 000048835
003 DO-SdBNP
005 20260302075941.0
007 ta
008 190416s2016 dr 000 0 spa d
020 _a9789945872958
040 _aDO-SdBNP
_bspa
_cBNPHU
_erda
082 4 _a923.77293
_bA185s 2016
_222
100 _aAcosta, Pilar
_949358
245 1 0 _aSalomé Ureña para jóvenes /
_cPilar Acosta.
250 _a2a. edición
264 _aSanto Domingo :
_bBúho,
_c2016.
300 _a75 páginas ;
_c24 cm.
336 _2rdacontent
_atexto
_btxt
337 _2rdamedia
_asin mediación
_bn
338 _2rdacarrier
_avolumen
_bnc
500 _aIncluye referencias bibliográficas y notas al pie de las páginas
500 _aIncluye datos biográficos de la autora en las solapas
504 _aBibliografía : p. 73-74
505 0 _aProemio, Eleanor Grimaldi Silié --
_tIntroducción --
_tSu vida --
_tSu poesía --
_tSalomé, Hostos y la Escuela de señoritas --
_tFin --
_tGuía de Pre-lectura --
_tGuía de Pos-lectura --.
590 _aInventariado, 2019/LP
600 1 4 _aUreña Henríquez, Salome de,
_d1850-1897
_xCritica e interpretación
_923820
650 4 _a Poesía dominicana
650 4 _aLiteratura dominicana
650 4 _a Personal docente
_zRepública Dominicana
_vBiografías
_917427
651 4 _aRepública Dominicana
_vBiografías
_91083
910 _aValidado. Control de calidad. MMOLINA
942 _2ddc
_cLBS1
999 _c48323
_d48323